000 01853aam a2200337 i 4500
001 768714001
003 CO-MdFUSB
005 20250519154952.0
007 ta
008 250519t1999 -us |||| |||| 00| 0 spa d
020 _a1-886930-06-6
040 _cCO-MdFUSB
041 0 _aspa
_heng
082 0 4 _223
_a248.32
_bD2721i
100 1 _aDawson, Joy.
_eautor
240 _aIntercession, Thrilling and Fulfilling
245 1 0 _aIntercesión :
_bun ministerio emocionante y pleno
_c/ Joy Dawson ; traducido por Elsie R. Romanenghi de Powell
264 1 _bLibertador,
_aMinnesota, EE.UU :
_c[1999]
264 4 _c©1999
300 _a248 páginas
336 _atexto
_btxt
_2rdacontent
337 _2rdamedia
_asin mediación
_bn
338 _2rdacarrier
_avolumen
_bnc
501 _arústico
505 _aPrólogo -- Aventura y amistad con Dios -- Revelación durante la intercesión -- Orando por nuestros amigos -- Cómo orar por un familiar que está lejos de Dios -- ¿Hasta dónde llegaremos? -- Orando por esta generación de jóvenes y niños que sufren -- Cómo actúa la intercesión -- ¿Cuán grande es tu visión? -- Estrategias de oración por las naciones -- Cómo orar por los líderes espirituales -- Orando por los líderes que tienen autoridad e influencia -- Cómo orar por los no evangelizados del mundo -- El desafío de Satanás al cuerpo de Cristo -- Guerra espiritual -- Evitando los obstáculos en la intercesión -- La diversidad de los caminos de Dios en la intercesión -- ¿Está usted listo? -- Características de la oración para un avivamiento -- Dónde comenzar y cómo continuar -- El intercesor fundamental
563 _arústico
650 1 4 _aOración \ Intercesión \ Oración - cristianismo
700 _aPowell, Elsie R. Romanenghi de.,
_911524
_etraductor
942 _cBK
945 _aJTF-925
999 _c44838
_d44838